[Event "DEM U18w 2004"]
[Site "Willingen GER"]
[Date "2004.06.04"]
[Round "8"]
[White "Müller, Thea-Lina"]
[Black "Frey, Claudia"]
[Result "1/2-1/2"]
[Termination "normal"]
[Board "7"]
[WhiteElo "1667"]
[BlackElo "1874"]
[PlyCount "118"]
[WhiteFideId "24604054"]
[BlackFideId "24614513"]
[EventCountry "GER"]
[EventRounds "9"]
[EventType "swiss"]
[EventDate "2004.05.29"]

1. e4 c6 2. d4 d5 3. exd5 cxd5 4. Bd3 Nc6 5. c3 g6 6. Nf3 Bg7 7. O-O Nf6 8. Bf4
O-O 9. Re1 Bf5 10. Ne5 Nxe5 11. Bxe5 Rc8 12. Bxf5 gxf5 13. Bxf6 Bxf6 14. Qh5 e6
15. Re3 Bg7 16. Nd2 Qf6 17. Rg3 Kh8 18. Rh3 h6 19. Kh1 Kh7 20. Re1 Qg6 21. Qf3
Qg5 22. Qe3 Qxe3 23. Rhxe3 Bf6 24. Nf3 Bg5 25. R3e2 Rg8 26. Ne5 Rg7 27. Nd3 Be7
28. Nf4 Bd6 29. Nd3 Rcg8 30. f3 h5 31. Rc2 h4 32. h3 Rc8 33. Kg1 Rc7 34. Ree2
Rg8 35. Kf1 Rgc8 36. Ke1 b5 37. Kd2 b4 38. Nf2 bxc3+ 39. bxc3 Rc4 40. Kd3 Bc7
41. Nd1 Ba5 42. f4 Kg7 43. Re3 Kf6 44. g3 hxg3 45. Rxg3 Rh8 46. Rb2 Rh4 47. Rf3
Rc8 48. Rb5 Bb6 49. Ke3 Rg8 50. Kf2 Ke7 51. Nb2 Kd7 52. Nd3 Kc6 53. Rb3 f6 54.
Re3 Kd6 55. Rg3 Rgh8 56. Kg2 Kc6 57. Re3 Kd7 58. Rg3 Kc6 59. Re3 Kd7 1/2-1/2

[Event "DEM U18w 2004"]
[Site "Willingen GER"]
[Date "2004.06.04"]
[Round "8"]
[White "Wolowski, Laura"]
[Black "Kaplun, Viktoria"]
[Result "1/2-1/2"]
[Termination "normal"]
[Board "8"]
[WhiteElo "1777"]
[BlackElo "1671"]
[PlyCount "104"]
[BlackFideId "24621676"]
[EventCountry "GER"]
[EventRounds "9"]
[EventType "swiss"]
[EventDate "2004.05.29"]

1. e4 c5 2. Nf3 e6 3. d4 cxd4 4. Nxd4 a6 5. Bd3 Qc7 6. c4 Nf6 7. Nc3 Be7 8. O-O
d6 9. Be3 Nbd7 10. Kh1 b6 11. f4 Bb7 12. f5 e5 13. Nf3 Rc8 14. Nd5 Nxd5 15.
cxd5 O-O 16. Qe2 a5 17. Rac1 Qb8 18. Qf2 Nc5 19. Bb1 Ba6 20. Rfd1 Rc7 21. Qg3
Bf6 22. Qh3 Qd8 23. g4 h6 24. Rg1 Be2 25. Qg2 Bxf3 26. Qxf3 Bg5 27. Rc3 Bxe3
28. Qxe3 Qg5 29. Qxg5 hxg5 30. Rgc1 Rfc8 31. Bd3 Kf8 32. Kg2 Ke7 33. Kf3 Kd8
34. Ke3 Nd7 35. Rxc7 Rxc7 36. Rxc7 Kxc7 37. b3 Nf6 38. h3 Ng8 39. Bb5 Ne7 40.
a4 f6 41. Be2 g6 42. Bd3 gxf5 43. gxf5 Nc8 44. Be2 Na7 45. Kd2 b5 46. Kc3 Kb6
47. Bf1 Kc5 48. Be2 bxa4 49. bxa4 Nc8 50. Bd1 Nb6 51. Bb3 Nc8 52. Bd1 Nb6
1/2-1/2

[Event "DEM U18w 2004"]
[Site "Willingen GER"]
[Date "2004.06.04"]
[Round "8"]
[White "Brethauer, Sarah"]
[Black "Zabarska, Natalia"]
[Result "1-0"]
[Termination "normal"]
[Board "9"]
[WhiteElo "1887"]
[BlackElo "1709"]
[PlyCount "43"]
[WhiteFideId "24605220"]
[BlackFideId "24608009"]
[EventCountry "GER"]
[EventRounds "9"]
[EventType "swiss"]
[EventDate "2004.05.29"]

1. e4 e5 2. Nc3 Nf6 3. f4 d5 4. fxe5 Nxe4 5. Nf3 Bc5 6. Qe2 Nf2 7. d4 Bxd4 8.
Nxd4 Nxh1 9. g3 Nxg3 10. hxg3 c5 11. Ndb5 O-O 12. Nd6 d4 13. Nce4 Nc6 14. Bf4
Qa5+ 15. Kf2 Qb6 16. b3 Be6 17. Qh5 Ne7 18. Ng5 h6 19. Bd3 f6 20. Nxe6 fxe5 21.
Qxe5 Rf6 22. Nxg7 1-0

[Event "DEM U18w 2004"]
[Site "Willingen GER"]
[Date "2004.06.04"]
[Round "8"]
[White "Ratner, Syuzanna"]
[Black "Janotta, Steffi"]
[Result "1-0"]
[Termination "normal"]
[Board "10"]
[WhiteElo "1495"]
[BlackElo "1929"]
[PlyCount "99"]
[BlackFideId "4696344"]
[EventCountry "GER"]
[EventRounds "9"]
[EventType "swiss"]
[EventDate "2004.05.29"]

1. e4 e5 2. Nf3 Nc6 3. Bc4 Nf6 4. d3 Bc5 5. c3 d6 6. h3 O-O 7. O-O Ne7 8. Re1
Ng6 9. Bg5 h6 10. Be3 Bb6 11. Nbd2 Be6 12. Bb3 Qd7 13. Nf1 Nf4 14. Bxf4 exf4
15. d4 Rae8 16. d5 Bxh3 17. gxh3 Nxe4 18. Nd4 Re5 19. Kh2 g6 20. Qg4 Qxg4 21.
hxg4 Nxf2 22. Nf3 Nxg4+ 23. Kh3 Rxe1 24. Rxe1 Ne3 25. Nxe3 Bxe3 26. Ba4 Kg7 27.
Nh4 a6 28. c4 Kf6 29. Ng2 Bd4 30. Re4 Bxb2 31. Rxf4+ Ke5 32. Rf2 Bc1 33. Nh4 b5
34. Nxg6+ fxg6 35. Rxf8 bxa4 36. Rf7 Kd4 37. Rxc7 Kc3 38. c5 Bf4 39. cxd6+ Kb2
40. Rb7+ Kxa2 41. d7 Bg5 42. Rb8 a3 43. d8=Q Bxd8 44. Rxd8 Kb3 45. Ra8 Kc4 46.
d6 Kb5 47. d7 a2 48. d8=Q a1=Q 49. Qd5+ Kb6 50. Rb8+ 1-0

[Event "DEM U18w 2004"]
[Site "Willingen GER"]
[Date "2004.06.04"]
[Round "8"]
[White "Wetterling, Maria"]
[Black "Schulze, Dorothee"]
[Result "1-0"]
[Termination "normal"]
[Board "11"]
[WhiteElo "1405"]
[BlackElo "1667"]
[PlyCount "83"]
[WhiteFideId "24624292"]
[BlackFideId "24609498"]
[EventCountry "GER"]
[EventRounds "9"]
[EventType "swiss"]
[EventDate "2004.05.29"]

1. e4 c5 2. c3 Nf6 3. e5 Nd5 4. d4 cxd4 5. Nf3 Nc6 6. Bc4 Nb6 7. Bb3 d6 8. exd6
Qxd6 9. h3 Bf5 10. cxd4 e6 11. Nc3 Rd8 12. Be3 Be7 13. Qd2 Bf6 14. Nb5 Qd7 15.
Bf4 O-O 16. Nd6 Qe7 17. Nxf5 exf5+ 18. Qe3 Qb4+ 19. Qc3 Rfe8+ 20. Kf1 Qb5+ 21.
Kg1 Nxd4 22. Nxd4 Rxd4 23. Qf3 Rde4 24. Qh5 g6 25. Qh6 Bg7 26. Qg5 Bxb2 27. Rd1
Re1+ 28. Kh2 Rxh1+ 29. Kxh1 Be5 30. Be3 Nc8 31. h4 a5 32. h5 Ne7 33. h6 a4 34.
Bc2 f6 35. Qh4 Nd5 36. Bxa4 Qe2 37. Bd4 Rc8 38. Bxe5 Qxe5 39. Bb3 Rd8 40. Qc4
Kf8 41. Rxd5 Rxd5 42. Qxd5 1-0

[Event "DEM U18w 2004"]
[Site "Willingen GER"]
[Date "2004.06.04"]
[Round "8"]
[White "Schmidt, Jade"]
[Black "Auburger, Kirstin"]
[Result "1-0"]
[Termination "normal"]
[Board "12"]
[WhiteElo "1699"]
[BlackElo "1609"]
[PlyCount "51"]
[BlackFideId "24620726"]
[EventCountry "GER"]
[EventRounds "9"]
[EventType "swiss"]
[EventDate "2004.05.29"]

1. d4 Nf6 2. c4 g6 3. f3 Bg7 4. e4 d6 5. Nc3 Nbd7 6. Bg5 c6 7. Qd2 Qc7 8. Rc1
b6 9. Nh3 Bb7 10. Nf2 h5 11. Nd3 Nh7 12. Be3 a6 13. c5 O-O 14. Be2 Rfd8 15. Qc2
dxc5 16. dxc5 bxc5 17. Nxc5 Nxc5 18. Bxc5 Bh6 19. Rd1 Rxd1+ 20. Qxd1 Rd8 21.
Qb3 Bf4 22. Bb6 Bd2+ 23. Kf1 Qf4 24. Bxd8 Qh4 25. g3 Qh3+ 26. Kf2 1-0

[Event "DEM U18w 2004"]
[Site "Willingen GER"]
[Date "2004.06.04"]
[Round "8"]
[White "Ströhle, Kathrin"]
[Black "Salden, Franziska"]
[Result "1/2-1/2"]
[Termination "normal"]
[Board "13"]
[WhiteElo "1691"]
[BlackElo "1637"]
[PlyCount "74"]
[WhiteFideId "4633881"]
[BlackFideId "24601268"]
[EventCountry "GER"]
[EventRounds "9"]
[EventType "swiss"]
[EventDate "2004.05.29"]

1. e4 e6 2. d4 d5 3. Nd2 dxe4 4. Nxe4 Nf6 5. Nxf6+ gxf6 6. Nf3 b6 7. Be3 Bb7 8.
Be2 Nd7 9. c3 Bd6 10. Qc2 c6 11. O-O-O Qc7 12. g3 O-O-O 13. Rhg1 c5 14. Nd2 h5
15. Ne4 Bf8 16. dxc5 Bxe4 17. Qxe4 Bxc5 18. Bxc5 bxc5 19. Qa8+ Qb8 20. Qxb8+
Kxb8 21. Rd2 h4 22. Rgd1 Kc7 23. Kc2 hxg3 24. hxg3 f5 25. b3 Nf6 26. Bf3 Rxd2+
27. Rxd2 Rb8 28. Rd1 Nd7 29. Rh1 Ne5 30. Be2 Kd6 31. Rh7 Rb7 32. Bh5 Re7 33. c4
Ng4 34. Bxg4 fxg4 35. Rh8 Rc7 36. Kd3 Ke5 37. Rd8 f5 1/2-1/2

[Event "DEM U18w 2004"]
[Site "Willingen GER"]
[Date "2004.06.04"]
[Round "8"]
[White "Hauser, Anna"]
[Black "Buncke, Johanna"]
[Result "1/2-1/2"]
[Termination "normal"]
[Board "14"]
[WhiteElo "1454"]
[BlackElo "1544"]
[PlyCount "41"]
[EventCountry "GER"]
[EventRounds "9"]
[EventType "swiss"]
[EventDate "2004.05.29"]

1. d4 Nf6 2. Nf3 e6 3. e3 Be7 4. Nbd2 d5 5. Bd3 c5 6. b3 Nc6 7. Bb2 b6 8. O-O
Bb7 9. c4 O-O 10. Qc2 h6 11. Rac1 Nb4 12. Qb1 Nxd3 13. Qxd3 dxc4 14. bxc4 Qc7
15. Rfd1 Rfd8 16. Qe2 cxd4 17. exd4 Rac8 18. Nb3 Ba6 19. Qe3 Qb7 20. Nfd2 Nd7
21. Rc2 1/2-1/2

[Event "DEM U18w 2004"]
[Site "Willingen GER"]
[Date "2004.06.05"]
[Round "9"]
[White "Schulz, Stefanie"]
[Black "Beltz, Franziska"]
[Result "1/2-1/2"]
[Termination "normal"]
[Board "1"]
[WhiteElo "2079"]
[BlackElo "2028"]
[PlyCount "44"]
[WhiteFideId "4693060"]
[BlackFideId "4681401"]
[EventCountry "GER"]
[EventRounds "9"]
[EventType "swiss"]
[EventDate "2004.05.29"]

1. c4 c5 2. g3 g6 3. Bg2 Bg7 4. Nc3 Nc6 5. e3 e6 6. Nge2 Nge7 7. O-O O-O 8. d4
cxd4 9. Nxd4 d5 10. cxd5 exd5 11. Nce2 Qb6 12. b3 Bg4 13. Bb2 Nxd4 14. Bxd4
Bxd4 15. exd4 Rfe8 16. f3 Bd7 17. Nc3 Bc6 18. Bh3 Qb4 19. Qd3 Qd6 20. Rfe1 Bd7
21. Bxd7 Qxd7 22. Qb5 Qxb5 1/2-1/2

[Event "DEM U18w 2004"]
[Site "Willingen GER"]
[Date "2004.06.05"]
[Round "9"]
[White "Krege, Sandra"]
[Black "Zhang, Fan"]
[Result "1/2-1/2"]
[Termination "normal"]
[Board "2"]
[WhiteElo "1907"]
[BlackElo "1860"]
[PlyCount "67"]
[WhiteFideId "4680910"]
[BlackFideId "24609730"]
[EventCountry "GER"]
[EventRounds "9"]
[EventType "swiss"]
[EventDate "2004.05.29"]

1. e4 e6 2. d4 d5 3. Nc3 Nf6 4. exd5 exd5 5. Bf4 c6 6. Bd3 Bd6 7. Qd2 Be6 8.
Nge2 Qc7 9. Bxd6 Qxd6 10. Qg5 Rg8 11. f4 h6 12. Qh4 Bg4 13. O-O-O Bxe2 14. Rhe1
Kd8 15. Rxe2 Nbd7 16. Rde1 Kc7 17. Nd1 g5 18. fxg5 hxg5 19. Qf2 Qxh2 20. Re7
Qf4+ 21. Qxf4+ gxf4 22. Rxf7 Rxg2 23. Ree7 Re8 24. Rxe8 Nxe8 25. Rxf4 Nef6 26.
Ne3 Rg7 27. Kd2 Nh5 28. Rf5 Ng3 29. Rf3 Nh5 30. b3 Nhf6 31. Rf2 Re7 32. Rf4 Rg7
33. Rf2 Re7 34. Rf4 1/2-1/2

[Event "DEM U18w 2004"]
[Site "Willingen GER"]
[Date "2004.06.05"]
[Round "9"]
[White "Reeves, Anna"]
[Black "Romakin, Helene"]
[Result "0-1"]
[Termination "normal"]
[Board "3"]
[WhiteElo "1685"]
[BlackElo "2061"]
[PlyCount "104"]
[BlackFideId "24605964"]
[EventCountry "GER"]
[EventRounds "9"]
[EventType "swiss"]
[EventDate "2004.05.29"]

1. e4 c5 2. Nf3 d6 3. Bb5+ Bd7 4. Bxd7+ Qxd7 5. c4 Nc6 6. d4 cxd4 7. Nxd4 g6 8.
Nc3 Bg7 9. Be3 Nf6 10. f3 O-O 11. O-O a6 12. Rc1 Rab8 13. a4 Rfc8 14. Nd5 Nxd5
15. cxd5 Nxd4 16. Rxc8+ Rxc8 17. Bxd4 Rc4 18. Bxg7 Kxg7 19. b3 Rc5 20. Qa1+ f6
21. Rc1 Qc7 22. Rxc5 Qxc5+ 23. Kf1 Qc2 24. Qa3 a5 25. h3 Kf7 26. Kg1 f5 27. Kh2
fxe4 28. b4 Qd3 29. Qb2 Qxd5 30. bxa5 Qe5+ 31. Qxe5 dxe5 32. fxe4 Ke6 33. Kg3
Kd6 34. Kg4 Kc5 35. Kg5 Kd4 36. Kh6 Kxe4 37. Kxh7 Kf5 38. g4+ Kg5 39. h4+ Kxg4
40. Kxg6 e4 41. h5 e3 42. h6 e2 43. h7 e1=Q 44. h8=Q Qe6+ 45. Kh7 Qf7+ 46. Qg7+
Qxg7+ 47. Kxg7 e5 48. Kf6 e4 49. Ke6 e3 50. Kd6 e2 51. Kc7 e1=Q 52. Kb6 Qb4+
0-1

[Event "DEM U18w 2004"]
[Site "Willingen GER"]
[Date "2004.06.05"]
[Round "9"]
[White "Schöne, Maria"]
[Black "Dietzen, Corinna"]
[Result "1-0"]
[Termination "normal"]
[Board "4"]
[WhiteElo "2037"]
[BlackElo "1775"]
[PlyCount "95"]
[WhiteFideId "4681410"]
[BlackFideId "24621021"]
[EventCountry "GER"]
[EventRounds "9"]
[EventType "swiss"]
[EventDate "2004.05.29"]

1. e4 c5 2. Nf3 e6 3. d4 cxd4 4. Nxd4 a6 5. Nc3 Qc7 6. Bd3 Nc6 7. Nxc6 bxc6 8.
O-O Nf6 9. f4 d5 10. Qe2 Be7 11. b3 Bb7 12. Bb2 O-O 13. Rae1 Rfe8 14. Kh1 a5
15. e5 Nd7 16. Na4 Bf8 17. Rf3 g6 18. Rh3 Bg7 19. Qg4 Ba6 20. Qh4 Nf8 21. Ba3
Bxd3 22. cxd3 h6 23. d4 Nd7 24. Bc1 Nf8 25. Nc5 Qe7 26. Qf2 f5 27. Rg1 Nd7 28.
Ba3 Nxc5 29. Bxc5 Qf7 30. g4 Kh7 31. g5 h5 32. Rxh5+ gxh5 33. g6+ Qxg6 34. Rxg6
Kxg6 35. Qh4 Rg8 36. Be7 a4 37. b4 Rh8 38. Bf6 Rh7 39. Bd8 Ra7 40. a3 Bh8 41.
Bf6 Rh6 42. Qg5+ Kh7 43. Bxh8 Rg6 44. Qxh5+ Rh6 45. Qe8 Rh4 46. Bf6 Rxf4 47.
Qh5+ Kg8 48. Qh8+ 1-0

[Event "DEM U18w 2004"]
[Site "Willingen GER"]
[Date "2004.06.05"]
[Round "9"]
[White "Wolk, Friederike"]
[Black "Brethauer, Sarah"]
[Result "1/2-1/2"]
[Termination "normal"]
[Board "5"]
[WhiteElo "1992"]
[BlackElo "1887"]
[PlyCount "24"]
[WhiteFideId "4693400"]
[BlackFideId "24605220"]
[EventCountry "GER"]
[EventRounds "9"]
[EventType "swiss"]
[EventDate "2004.05.29"]

1. e4 e5 2. Nc3 Nf6 3. f4 d5 4. fxe5 Nxe4 5. Nf3 Be7 6. Qe2 Nxc3 7. dxc3 O-O 8.
Bf4 c5 9. O-O-O Qa5 10. Kb1 Nc6 11. Qb5 Be6 12. Qxa5 Nxa5 1/2-1/2

[Event "DEM U18w 2004"]
[Site "Willingen GER"]
[Date "2004.06.05"]
[Round "9"]
[White "Frey, Claudia"]
[Black "Beltz, Carmen"]
[Result "1-0"]
[Termination "normal"]
[Board "6"]
[WhiteElo "1874"]
[BlackElo "1763"]
[PlyCount "85"]
[WhiteFideId "24614513"]
[BlackFideId "24608726"]
[EventCountry "GER"]
[EventRounds "9"]
[EventType "swiss"]
[EventDate "2004.05.29"]

1. e4 c5 2. Nc3 Nc6 3. g3 g6 4. Bg2 Bg7 5. d3 d6 6. Be3 e6 7. Qd2 Rb8 8. Nge2
Nd4 9. Nc1 b5 10. Nd1 b4 11. c3 bxc3 12. bxc3 Nc6 13. O-O Nge7 14. Bh6 O-O 15.
Bxg7 Kxg7 16. Ne3 Bd7 17. f4 f5 18. Nb3 Rb5 19. exf5 gxf5 20. Rfe1 Na5 21. Nxa5
Qxa5 22. Nc4 Qc7 23. d4 Rfb8 24. d5 Rd8 25. dxe6 Bc8 26. Qe2 d5 27. Nd6 Qxd6
28. Qxb5 Bxe6 29. Qe2 Kf6 30. Qh5 Ng6 31. Re2 d4 32. Qg5+ Kf7 33. Rae1 Bc4 34.
Qxf5+ Kg7 35. Rd2 d3 36. Qe4 Ba6 37. f5 Nf8 38. Qg4+ Kh8 39. Qg5 c4 40. Re7
Qb6+ 41. Kf1 Qb1+ 42. Re1 Qb6 43. Bf3 1-0

[Event "DEM U18w 2004"]
[Site "Willingen GER"]
[Date "2004.06.05"]
[Round "9"]
[White "Wolowski, Laura"]
[Black "Helmbold, Irene"]
[Result "1/2-1/2"]
[Termination "normal"]
[Board "7"]
[WhiteElo "1777"]
[BlackElo "1990"]
[PlyCount "60"]
[BlackFideId "24600873"]
[EventCountry "GER"]
[EventRounds "9"]
[EventType "swiss"]
[EventDate "2004.05.29"]

1. e4 c5 2. Nf3 e6 3. d4 cxd4 4. Nxd4 Nf6 5. Bd3 a6 6. c4 d6 7. O-O Qc7 8. Nc3
Nbd7 9. Kh1 b6 10. f4 Bb7 11. f5 e5 12. Nf3 Be7 13. Nd5 Bxd5 14. cxd5 Nc5 15.
Qe2 O-O 16. Bd2 Qb7 17. Rac1 Nxd3 18. Qxd3 Rfc8 19. Bg5 Rc5 20. Bxf6 Bxf6 21.
Rxc5 bxc5 22. Qc3 Qb5 23. Rf2 Rb8 24. Kg1 Bd8 25. g4 a5 26. h4 a4 27. g5 Ra8
28. Qc2 a3 29. b3 Qb4 30. Nd2 Ra6 1/2-1/2

[Event "DEM U18w 2004"]
[Site "Willingen GER"]
[Date "2004.06.05"]
[Round "9"]
[White "Kaplun, Viktoria"]
[Black "Müller, Thea-Lina"]
[Result "0-1"]
[Termination "normal"]
[Board "8"]
[WhiteElo "1671"]
[BlackElo "1667"]
[PlyCount "74"]
[WhiteFideId "24621676"]
[BlackFideId "24604054"]
[EventCountry "GER"]
[EventRounds "9"]
[EventType "swiss"]
[EventDate "2004.05.29"]

1. d4 Nf6 2. c4 c5 3. d5 e6 4. Nc3 exd5 5. cxd5 d6 6. e4 g6 7. f4 Bg7 8. Bb5+
Nfd7 9. a4 Qh4+ 10. g3 Qe7 11. Bd3 O-O 12. Nge2 Na6 13. O-O Nb4 14. Bc4 a6 15.
a5 b6 16. Be3 bxa5 17. Rxa5 Qd8 18. Ra1 Nb6 19. Bd3 Bb7 20. Bf2 Re8 21. g4 Qd7
22. g5 Nxd3 23. Qxd3 Qd8 24. Rad1 Nd7 25. h4 f6 26. Ng3 Rf8 27. Nge2 Rb8 28.
Kg2 Bc8 29. Qc2 f5 30. Rd2 fxe4 31. Qxe4 Nb6 32. Qf3 Nc4 33. Rc2 Rxb2 34. Rxb2
Nxb2 35. h5 gxh5 36. Qxh5 Bf5 37. Rb1 Bxb1 0-1

[Event "DEM U18w 2004"]
[Site "Willingen GER"]
[Date "2004.06.05"]
[Round "9"]
[White "Wetterling, Maria"]
[Black "Ratner, Syuzanna"]
[Result "1/2-1/2"]
[Termination "normal"]
[Board "9"]
[WhiteElo "1405"]
[BlackElo "1495"]
[PlyCount "20"]
[WhiteFideId "24624292"]
[EventCountry "GER"]
[EventRounds "9"]
[EventType "swiss"]
[EventDate "2004.05.29"]

1. e4 e5 2. Nf3 Nc6 3. Bb5 d6 4. O-O Bd7 5. c3 Be7 6. d4 exd4 7. cxd4 Nf6 8.
Nc3 O-O 9. Bf4 Nh5 10. Be3 Nf6 1/2-1/2

[Event "DEM U18w 2004"]
[Site "Willingen GER"]
[Date "2004.06.05"]
[Round "9"]
[White "Salden, Franziska"]
[Black "Katte, Isabel"]
[Result "1/2-1/2"]
[Termination "normal"]
[Board "10"]
[WhiteElo "1637"]
[BlackElo "1944"]
[PlyCount "49"]
[WhiteFideId "24601268"]
[BlackFideId "24612987"]
[EventCountry "GER"]
[EventRounds "9"]
[EventType "swiss"]
[EventDate "2004.05.29"]

1. e4 b6 2. d4 Bb7 3. Bd3 e6 4. Qe2 Bb4+ 5. c3 Be7 6. Nf3 d6 7. O-O Nd7 8. Na3
a6 9. Nc2 c5 10. Re1 e5 11. Ne3 Ngf6 12. Nf5 O-O 13. Bg5 Re8 14. Rad1 Qc7 15.
d5 b5 16. N3h4 Bf8 17. Qf3 Kh8 18. g4 Ng8 19. Kh1 g6 20. Ng3 f6 21. Bc1 Be7 22.
Ne2 Nf8 23. Qg3 Bd8 24. Rg1 Re7 25. Qh3 1/2-1/2

[Event "DEM U18w 2004"]
[Site "Willingen GER"]
[Date "2004.06.05"]
[Round "9"]
[White "Janotta, Steffi"]
[Black "Schmidt, Jade"]
[Result "1/2-1/2"]
[Termination "normal"]
[Board "11"]
[WhiteElo "1929"]
[BlackElo "1699"]
[PlyCount "148"]
[WhiteFideId "4696344"]
[EventCountry "GER"]
[EventRounds "9"]
[EventType "swiss"]
[EventDate "2004.05.29"]

1. e4 c5 2. Nf3 d6 3. d4 cxd4 4. Nxd4 Nf6 5. Nc3 Nc6 6. Bg5 a6 7. Bxf6 gxf6 8.
Bc4 e6 9. Qd2 Bd7 10. O-O-O b5 11. Bb3 Qb6 12. Nxc6 Bxc6 13. Rhe1 O-O-O 14. Kb1
Qc5 15. f3 h5 16. Ne2 Bh6 17. Qa5 Kb7 18. Nd4 Bd7 19. c3 Rc8 20. Rd3 Rhg8 21.
g3 h4 22. f4 Rg4 23. Red1 Bf8 24. R1d2 hxg3 25. hxg3 Be7 26. Bd1 Rgg8 27. Nb3
Qg1 28. Qb4 Ka7 29. Qd4+ Qxd4 30. Nxd4 Kb6 31. g4 Rh8 32. Nf3 Bc6 33. Re3 Rh3
34. Rh2 Rch8 35. Rxh3 Rxh3 36. f5 Rg3 37. fxe6 fxe6 38. Kc1 Bf8 39. Re1 Bh6+
40. Nd2 Rg2 41. Re2 Rxe2 42. Bxe2 Bxe4 43. Kd1 Bxd2 44. Kxd2 Bd5 45. a3 Kc5 46.
Ke3 Bc4 47. Bd1 a5 48. b4+ axb4 49. axb4+ Kd5 50. Kf4 e5+ 51. Ke3 Ke6 52. Bc2
Bd5 53. Bd3 Bc6 54. Bf5+ Kf7 55. Kd2 Bd5 56. Ke3 Bc4 57. Kd2 Kg7 58. Ke3 d5 59.
Bd7 Kh6 60. Bf5 Kg5 61. Bd7 Kh4 62. Bf5 Kg3 63. Bd7 Kg2 64. Bf5 Kf1 65. Bg6 Ke1
66. Bc2 Be2 67. Bb3 Bxg4 68. Bxd5 f5 69. c4 f4+ 70. Ke4 f3 71. Kxe5 f2 72. Bg2
bxc4 73. Kd4 Be2 74. Kc3 f1=Q 1/2-1/2

[Event "DEM U18w 2004"]
[Site "Willingen GER"]
[Date "2004.06.05"]
[Round "9"]
[White "Zabarska, Natalia"]
[Black "Ströhle, Kathrin"]
[Result "1-0"]
[Termination "normal"]
[Board "12"]
[WhiteElo "1709"]
[BlackElo "1691"]
[PlyCount "51"]
[WhiteFideId "24608009"]
[BlackFideId "4633881"]
[EventCountry "GER"]
[EventRounds "9"]
[EventType "swiss"]
[EventDate "2004.05.29"]

1. e4 e5 2. f4 d5 3. exd5 exf4 4. Nf3 Nf6 5. Bc4 Bd6 6. O-O O-O 7. Nc3 Bg4 8.
d4 Nbd7 9. Qe1 Nb6 10. Bb3 Re8 11. Qh4 Bxf3 12. Rxf3 Ne4 13. Qxd8 Raxd8 14.
Bxf4 Bxf4 15. Rxf4 Nxc3 16. bxc3 Nxd5 17. Rf5 Nf6 18. Raf1 Re7 19. g4 h6 20. h4
Rdd7 21. g5 hxg5 22. hxg5 Ne8 23. g6 Nd6 24. Re5 Kf8 25. Rh5 Re8 26. gxf7 1-0

[Event "DEM U18w 2004"]
[Site "Willingen GER"]
[Date "2004.06.05"]
[Round "9"]
[White "Schulze, Dorothee"]
[Black "Hauser, Anna"]
[Result "1-0"]
[Termination "normal"]
[Board "13"]
[WhiteElo "1667"]
[BlackElo "1454"]
[PlyCount "81"]
[WhiteFideId "24609498"]
[EventCountry "GER"]
[EventRounds "9"]
[EventType "swiss"]
[EventDate "2004.05.29"]

1. e4 e5 2. Nf3 Nc6 3. Bb5 g6 4. O-O Bg7 5. Re1 Nge7 6. Nc3 O-O 7. d3 d6 8. h3
h6 9. Bd2 Kh7 10. Ne2 f5 11. Ng3 fxe4 12. dxe4 Rf6 13. Be2 Be6 14. c3 Qd7 15.
b4 Raf8 16. Be3 a6 17. a4 Nd8 18. Nh2 Qc6 19. Qd2 Ng8 20. b5 Qd7 21. bxa6 bxa6
22. Bxa6 c6 23. Bd3 Nb7 24. Qe2 Nc5 25. Bxc5 dxc5 26. Red1 Rxf2 27. Qxf2 Rxf2
28. Kxf2 Qa7 29. c4 Qa5 30. Nf3 Nf6 31. Nd2 Ne8 32. Ke2 Nc7 33. Rdb1 Bg8 34.
Ngf1 Ne6 35. Nb3 Nd4+ 36. Nxd4 cxd4 37. Nd2 Qd8 38. a5 Qg5 39. a6 Qxg2+ 40. Kd1
Qxh3 41. Kc2 1-0

[Event "DEM U18w 2004"]
[Site "Willingen GER"]
[Date "2004.06.05"]
[Round "9"]
[White "Auburger, Kirstin"]
[Black "Buncke, Johanna"]
[Result "1/2-1/2"]
[Termination "normal"]
[Board "14"]
[WhiteElo "1609"]
[BlackElo "1544"]
[PlyCount "96"]
[WhiteFideId "24620726"]
[EventCountry "GER"]
[EventRounds "9"]
[EventType "swiss"]
[EventDate "2004.05.29"]

1. d4 d5 2. c4 e6 3. Nc3 Nf6 4. cxd5 exd5 5. Bg5 c6 6. e3 Bf5 7. Qf3 Bg6 8.
Bxf6 Qxf6 9. Qxf6 gxf6 10. a3 Nd7 11. Rc1 Bd6 12. g3 O-O 13. Be2 a5 14. h4 h6
15. Kd2 Rfe8 16. Nf3 Nb6 17. h5 Be4 18. Nxe4 Rxe4 19. Nh4 Ree8 20. Nf5 Bf8 21.
Bd3 Nc8 22. g4 Nd6 23. Nxd6 Bxd6 24. Rc3 Rec8 25. Rhc1 Kf8 26. Ke2 Ke7 27. f4
Rg8 28. Kf3 Rae8 29. Rb3 Rb8 30. Bh7 Rgc8 31. Bf5 Rc7 32. Rbc3 Ra8 33. R3c2 Kd8
34. Re2 c5 35. dxc5 Rxc5 36. Rec2 Rb5 37. Rc8+ Rxc8 38. Rxc8+ Ke7 39. Rc2 Rc5
40. a4 b6 41. b3 Ke8 42. Ke2 Bf8 43. Kd3 Kd8 44. Kd4 Rxc2 45. Bxc2 Bc5+ 46.
Kxd5 Bxe3 47. Ke4 Bd2 48. Bd3 Ke7 1/2-1/2

[Event "DEM U16 2004"]
[Site "Willingen GER"]
[Date "2004.05.30"]
[Round "1"]
[White "Feuerstack, Aljoscha"]
[Black "Krug, Kevin"]
[Result "1-0"]
[Termination "normal"]
[Board "1"]
[WhiteElo "2279"]
[BlackElo "2066"]
[PlyCount "45"]
[WhiteFideId "4681932"]
[BlackFideId "24609110"]
[EventCountry "GER"]
[EventRounds "9"]
[EventType "swiss"]
[EventDate "2004.05.29"]

1. e4 e6 2. d4 d5 3. Nd2 Nf6 4. e5 Nfd7 5. f4 c5 6. c3 Nc6 7. Ndf3 Qb6 8. Ne2
Qc7 9. a3 b5 10. dxc5 Nxc5 11. Ng3 Rb8 12. Be3 g6 13. b4 Nd7 14. a4 a6 15. axb5
axb5 16. Nd4 Ncxe5 17. Nxb5 Rxb5 18. Bxb5 Bh6 19. Qd4 Bg7 20. Bxd7+ Kxd7 21.
Ra7 Bb7 22. fxe5 Bxe5 23. Rxb7 1-0

[Event "DEM U16 2004"]
[Site "Willingen GER"]
[Date "2004.05.30"]
[Round "1"]
[White "Klaus, Christian"]
[Black "Brener, Ilja"]
[Result "1-0"]
[Termination "normal"]
[Board "2"]
[WhiteElo "2061"]
[BlackElo "2263"]
[PlyCount "59"]
[WhiteFideId "4696395"]
[BlackFideId "4688201"]
[EventCountry "GER"]
[EventRounds "9"]
[EventType "swiss"]
[EventDate "2004.05.29"]

1. e4 e5 2. Nc3 Nf6 3. g3 Nc6 4. Bg2 Bc5 5. h3 a6 6. Nge2 d6 7. O-O h5 8. d3
Be6 9. Nd5 Qd7 10. Kh2 Nh7 11. c3 O-O-O 12. d4 Ba7 13. Ne3 Ne7 14. d5 g5 15.
dxe6 fxe6 16. b4 d5 17. Qb3 g4 18. h4 Rhf8 19. a4 d4 20. Nc4 Ng6 21. cxd4 exd4
22. Nf4 Nxf4 23. Bxf4 d3 24. Ne5 Qg7 25. Nxd3 Bd4 26. Rac1 e5 27. Nxe5 Kb8 28.
Nd3 Rd7 29. Nc5 Bxc5 30. bxc5 1-0

[Event "DEM U16 2004"]
[Site "Willingen GER"]
[Date "2004.05.30"]
[Round "1"]
[White "Armbrust, Florian"]
[Black "Rehberg, Raphael"]
[Result "1-0"]
[Termination "normal"]
[Board "3"]
[WhiteElo "2195"]
[BlackElo "2056"]
[PlyCount "51"]
[WhiteFideId "4691350"]
[BlackFideId "4686799"]
[EventCountry "GER"]
[EventRounds "9"]
[EventType "swiss"]
[EventDate "2004.05.29"]

1. e4 c5 2. Nc3 Nc6 3. g3 g6 4. Bg2 Bg7 5. d3 d6 6. f4 e5 7. Nh3 Nge7 8. O-O
Nd4 9. f5 gxf5 10. Qh5 Be6 11. Ng5 Kd7 12. exf5 Nexf5 13. g4 Ne7 14. Nxf7 Qb6
15. Nxh8 Nxc2 16. Rb1 Rxh8 17. Bg5 Ng6 18. Bh6 Bxh6 19. Qxh6 c4+ 20. Kh1 Ne3
21. Qg7+ Kd8 22. Be4 Nxf1 23. Bxg6 Rg8 24. Qf6+ Kc7 25. Qxe6 Qf2 26. Qf7+ 1-0